00867nam a22002177a 450000500170000002000260001703500130004303700120005608200140006810000170008224500630009925000110016226000470017327001080022030000270032850000190035571000170037494200280039199900190041995202110043820170412170552.0 a9789350358238c375.00 aB-667527 bKBD/Ven a346.54054 aKumar, H. L.00aMake your will yourself /cby H. L. Kumar and Gaurav Kumar a7th ed aNew DelhibUniversal Law Publishing c2016 aC-FF-1A, Dilkhush Industrial Estate, (Near Azadpur Metro Station) G.T. Karnal Road bNew Delhie110033 axxxvi,322p.c22cm(pbk) aIncludes index aGaurav Kumar 2ddccENmKUMh346.54054 c138841d138841 001040708NFICaAVbAVd2017-04-12eBPPD/EN/2013-14/AV/16-17/365/15.02.2017KBD/BL16/24.02.2017/17.03.217g375.00l21m4o346.54054 KUMpB-667527r2021-10-29 00:00:00s2021-09-11t1v375.00w2017-04-12yEN